000 00264nam a2200133Ia 4500
100 _aPower
650 _aChemistry
942 _cBK
245 _aIndustrial Electrical System
260 _bMcGraw Hill
_c2001
300 _a351
546 _aENGLISH
999 _c30881
_d30881